000
00221nam a2200097Ia 4500
008
190216s9999||||xx |||||||||||||| ||und||
100
_a
Narayana Pillai P K
245
0
_a
Akbar
260
_b
National Book Stall
942
_c
BK
999
_c
18693
_d
18693